000 00497nam a2200193Ia 4500
008 180207s9999 xx 000 0 und d
020 _a1556249640
050 _bE298 1988
100 _aEggleton, Jill
245 _aChanging days :
245 _brhymes to read /
245 _cJill Eggleton ; illustrations by Philip Webb.
260 _aWashington :
260 _bWright Group,
260 _c1988
300 _a24 pages :
300 _bcolor illustration ;
440 _aSunshine books.
999 _c355265
_d355265